| 000 | 00686nam a2200193Ia 4500 | ||
|---|---|---|---|
| 003 | GCL | ||
| 008 | 140319s9999 xx 000 0 ara d | ||
| 040 |
_aGCL / _cGCL |
||
| 082 | 0 | 4 |
_a371.384 _bم ت |
| 100 | 1 | _aمحمد السيد حلاوة | |
| 245 | 1 | 0 |
_aتثقيف الطفل بين المكتبة والمتحف / _cمحمد السيد حلاوة |
| 260 |
_aالقاهرة : _bالدار العالمية للنشر والتوزيع ، _c2003 |
||
| 300 |
_a271 ص ؛ _c24 سم |
||
| 650 | 0 | 4 | _aتعليم الاطفال |
| 650 | 0 | 4 | _aالكتب والقراءة للاطفال |
| 650 | 0 | 4 | _aالاطفال - تعليم |
| 650 | 0 | 4 | _aثقافة الاطفال |
| 942 |
_2ddc _cBK |
||
| 999 |
_c7373 _d7373 |
||